000 00790nam a2200241 a 4500
001 000028819
003 DO-SdBNP
005 20250123131622.0
007 ta
008 110412s1996 dr 000 0 spa d
020 _a8492184531
040 _aDO-SdBNP
_bspa
_cBNPHU
082 _axxx
_bV715e
100 _aVillamán, Marcos,
_931096
_d1950-
245 1 0 _aEducación, democracia, ciudadanización y construcción de identidades nacionales /
_cMarcos Villamán, Raymundo González ; presentación Rocío Hernández Mella.
260 _aSanto Domingo :
_bPREAL :
_bFLACSO,
_c1996.
300 _a54 p. ;
_c28 cm.
590 _aInventariado, 2023/ YL
700 _aGonzález, Raymundo
_96373
700 1 _aHernández Mella, Rocio
_epre.
_912263
910 _aYLockward
942 _2ddc
_cLBS1
999 _c28311
_d28311